Southville International School and Colleges
Your cart is empty.
  • Cart
  • Lists
    Public lists Eva Luna New books Lux_list list_1
    Your lists Log in to create your own lists
  • Log in to your account
  • Your cookies
  • Search history
Southville International School and Colleges
  • Advanced search
  • Recent comments
  • Most popular
  • Libraries

Log in to your account

Log in with GOOGLE


If you do not have an external account, but do have a local account, you can still log in:

  1. Home
  2. MARC view: Reading and writing in kindergarten /
Normal view MARC view ISBD view

Reading and writing in kindergarten / (Record no. 105584)

[ view plain ]
MARC details
000 -LEADER
fixed length control field 00677nam a2200193 a 4500
005 - DATE AND TIME OF LATEST TRANSACTION
control field 20140412111407.0
008 - FIXED-LENGTH DATA ELEMENTS--GENERAL INFORMATION
fixed length control field 061206s19uu xx 00 eng d
020 ## - INTERNATIONAL STANDARD BOOK NUMBER
International Standard Book Number 0-439-22244-3
050 ## - LIBRARY OF CONGRESS CALL NUMBER
Classification number TR(GS 372.4
Item number Fra837 2002
100 ## - MAIN ENTRY--PERSONAL NAME
Personal name Franzese, Rosalie
245 ## - TITLE STATEMENT
Title Reading and writing in kindergarten /
Statement of responsibility, etc Rosalie Franzese.
260 ## - PUBLICATION, DISTRIBUTION, ETC. (IMPRINT)
Place of publication, distribution, etc U.S.A :
Name of publisher, distributor, etc Scholastic,
Date of publication, distribution, etc 2002.
300 ## - PHYSICAL DESCRIPTION
Extent 160p.
500 ## - GENERAL NOTE
General note A practical guide
520 ## - SUMMARY, ETC.
Summary, etc Lessons and strategies that help young learners develop literacy skills through shared reading, guided reading, Interactive writing,Read alouds, and more
650 ## - SUBJECT ADDED ENTRY--TOPICAL TERM
Topical term or geographic name as entry element Interactive writing
650 ## - SUBJECT ADDED ENTRY--TOPICAL TERM
Topical term or geographic name as entry element Shared reading
Holdings
Withdrawn status Lost status Damaged status Home library Current library Shelving location Date acquired Source of acquisition Total Checkouts Full call number Barcode Date last seen Price effective from Koha item type
      Elizalde Library Elizalde Library Teachers Reference Section 12/06/2006     TR(GS 372.4 Fra837 2002 E10389 04/12/2014 04/12/2014 Books

Reading and writing in kindergarten /

APA

Franzese R., . (2002). Reading and writing in kindergarten. U.S.A: Scholastic.

Chicago

Franzese Rosalie, . 2002. Reading and writing in kindergarten. U.S.A: Scholastic.

Harvard

Franzese R., . (2002). Reading and writing in kindergarten. U.S.A: Scholastic.

MLA

Franzese Rosalie, . Reading and writing in kindergarten. U.S.A: Scholastic. 2002.

  • Place hold
  • Print
  • Cite
  • Add to your cart (remove)
  • Save record
    BIBTEX Dublin Core MARCXML MARC (non-Unicode/MARC-8) MARC (Unicode/UTF-8) MARC (Unicode/UTF-8, Standard) MODS (XML) RIS
  • More searches
    Search for this title in:
    Other Libraries (WorldCat) Other Databases (Google Scholar) Online Stores (Bookfinder.com) Open Library (openlibrary.org)

Exporting to Dublin Core...

SOUTHVILLE LIBRARY

Southville International School and Colleges Library

1281 Tropical Ave. Cor. Luxembourg St., BF Homes International, Las Pinas City

Tel. No. 8256374 / 252358 Loc. 117/146

Powered by Koha